Κοινωνικός αποκλεισμός των ανέργων νέων : πτυχιακή εργασία

Ο βασικός στόχος της εργασίας είναι να αναλύσει τα φαινόμενα του κοινωνικού αποκλεισμού των νέων που σχετίζονται με την εργασία. Στο πρώτο κεφάλαιο γίνεται η επιστημονική προσέγγιση των όρων της εργασίας και του κοινωνικύ αποκλεισμού. Στο δεύτερο κεφάλαιο γίνεται θεωρητική προσέγγιση των όρων (ανερ...

Πλήρης περιγραφή

Αποθηκεύτηκε σε:
Λεπτομέρειες βιβλιογραφικής εγγραφής
Κύριος συγγραφέας: Μπαλαφούτης, Χρήστος Ευαγ
Συγγραφή απο Οργανισμό/Αρχή: Πανεπιστήμιο Αιγαίου. Σχολή Κοινωνικών Επιστημών. Τμήμα Κοινωνιολογίας
Μορφή: Thesis Βιβλίο
Γλώσσα:Greek
Δημοσίευση: 2013.
Θέματα:
Διαθέσιμο Online:http://hdl.handle.net/11610/7671
Ετικέτες: Προσθήκη ετικέτας
Δεν υπάρχουν, Καταχωρήστε ετικέτα πρώτοι!

MARC

LEADER 00000cam a2200000 a 4500
001 1/106302
008 150512s2013####gr | ||| |||| ||gre||
040 |a GR-MyUa  |b gre  |c GR-MyUa  |e AACR2 
041 0 |a gre 
082 7 |a 331.13   |2 (23)  
100 1 |a Μπαλαφούτης, Χρήστος Ευαγ. 
245 1 0 |a Κοινωνικός αποκλεισμός των ανέργων νέων :   |b πτυχιακή εργασία /   |c Χρήστος Μπαλαφούτης ; επιβλέπων καθηγητής Τσομπάνογλου Γεώργιος.  
260 |c 2013.  
300 |a 82 σ. ;   |c 21 εκ.  
502 |a Πτυχιακή εργασία – Πανεπιστήμιο Αιγαίου, Λέσβος, 2013. 
504 |a Περιλαμβάνει βιβλιογραφία.  
506 0 |a Ηλεκτρονική διάθεση στο πλήρες κειμένο - ελεύθερης πρόσβασης.  
520 8 |a Ο βασικός στόχος της εργασίας είναι να αναλύσει τα φαινόμενα του κοινωνικού αποκλεισμού των νέων που σχετίζονται με την εργασία. Στο πρώτο κεφάλαιο γίνεται η επιστημονική προσέγγιση των όρων της εργασίας και του κοινωνικύ αποκλεισμού. Στο δεύτερο κεφάλαιο γίνεται θεωρητική προσέγγιση των όρων (ανεργίας κοινωνικού αποκλεισμού κλπ) στο σύνολο τους και ξεχωρίζονται τα κομμάτια που άπτονται της κοινωνιολογικής ανάλυσης και χρειάζονται για την κατανόηση του συνόλου της εργασίας. Στο τρίτο και τέταρτο κεφάλαιο αναλύεται η κατάσταση στην Ευρώπη και παραθέτονται τα στατιστικά στοιχεία. Το πέμπτο και το έκτο κεφάλαιο εξετάζουν την αντίστοιχη κατάσταση της Ελλάδας και παρατίθενται τα στατιστικά στοιχεία. Τέλος, στο έβδομο κεφάλαιο εξετάζονται οι λύσεις και οι προτάσεις για την αντιμετώπιση των κοινωνικά αποκλεισμένων νέων στην αγορά εργασίας.  
540 |a Κλειδωμένη η δυνατότητα αντιγραφής (copy) από το ηλεκτρονικό κείμενο.  
650 0 |a Social isolation. 
650 0 |a Unemployment. 
700 1 |a Τσομπάνογλου, Γεώργιος Οδ.  |e dgs 
710 2 |a Πανεπιστήμιο Αιγαίου.   |b Σχολή Κοινωνικών Επιστημών.   |b Τμήμα Κοινωνιολογίας. 
852 |a INST  |b LESVOS  |c DIATR  |e 20150512  |h 493  |p 005100056537  |q 005100056537  |t DIE  |y 23 
852 |a INST  |b LESVOS  |c DIATR  |e 20150512  |h 494  |p 005100056538  |q 005100056538  |t DIE  |y 23 
856 |u http://hdl.handle.net/11610/7671 
924 |a Μπαλαφούτης  |b Χρήστος  |y Λέσβος  |z 2014-04 
970 |a Καμάτσου  |b Δέσποινα  |z 12-05-2015